Detské a bábkové divadlo Dolný Kubín

Podrobná bibliografia
Hlavný autor: Babicová, Oľga (Autor)
Médium: Článok
Jazyk:slovenčina
Predmet:

MARC

LEADER 00000nab a2200000 a 4500
001 vtls000333713
003 SK-MaSNL
005 20260303174753.0
008 140416c1988 xo 0 slo
015 |a SNBRB19rr/mm-uuuuu 
035 |a CL0333835 
040 |a SNKBUCL  |b slo  |c SNKBUCL  |e AACR2 
041 0 |a slo 
044 |a xo  |c SK 
080 |a 792.077.091.4  |2 1981 
100 1 |a Babicová, Oľga  |4 aut  |9 443855 
245 1 0 |a Detské a bábkové divadlo  |b Dolný Kubín  |c Oľga Babicová 
650 0 7 |a slovenské ochotnícke divadlo  |2 snkbucl  |9 16401 
655 7 |a články z novín a časopisov  |2 snkbucl  |9 267496 
773 0 |t Javisko  |g Roč. 20, č. 6 (1988), s. 294-295 
850 |a Slovenská národná knižnica v Martine  |a MTA001 
852 |a SNK  |b KIS3GCP 
958 |a RK 
992 |a RBX 
999 |c 2098499  |d 2100429